El poder /

Guardado en:
Autor Principal: Jouvenel, Bertrand de.
Otros Autores: García San Miguel, Luis, (trad.)
Formato: Libro
Idioma:Spanish
Publicado: Madrid : Editora Nacional, 1974.
Edición:2a. ed.
Materias:
Etiquetas: Agregar Etiqueta
Sin Etiquetas, Sea el primero en etiquetar este registro!
LEADER 00528nam a22001695 4500
001 DER.der013829
008 080718s1974####sp#######b####000#0#spa#d
005 20251230192615.0
245 1 3 |a El poder /  |c Bertrand de Jouvenel ; prólogo de Luis García San Miguel. 
250 |a 2a. ed. 
260 |a Madrid :  |b Editora Nacional,  |c 1974. 
300 |a 477 p. 
020 |a 8427611463 
100 1 |a Jouvenel, Bertrand de. 
700 1 |a García San Miguel, Luis,  |e trad. 
650 7 |a DERECHO POLÍTICO 
859 |a DERECHO  |b BIB. DERECHO  |h 321.01  |i JOU  |p 006670